Redes locales (Registro nro. 13066)

Detalles MARC
000 -CABECERA
campo de control de longitud fija 00748ntm a22002777a 4500
005 - FECHA Y HORA DE ACTUALIZACIÓN
campo de control 20230613185200.0
008 - LONGITUD FIJA
campo de control de longitud fija 210625b2020 xxu||||| |||| 00| 0 spa d
020 ## - INTERNATIONAL STANDARD BOOK NUMBER
Número Internacional Estándar del Libro 9788491714880
041 ## - IDIOMA
Código de idioma del texto/pista de sonido o título separado Español
082 ## - CLASIFICACIÓN DECIMAL DEWEY
Número de clasificación 004.68 B228r
100 ## - AUTOR PERSONAL
Nombre de persona Barba Riquel, María del Carmen
245 ## - TÍTULO PROPIAMENTE DICHO
Título Redes locales
260 ## - PIE DE IMPRENTA
Lugar de publicación, distribución, etc. España
260 ## - PIE DE IMPRENTA
Nombre del editor, distribuidor, etc. Síntesis
260 ## - PIE DE IMPRENTA
Fecha de publicación, distribución, etc. 2020
300 ## - DESCRIPCIÓN FÍSICA
Extensión 202 páginas
650 ## - Materia General
Materia general REDES LOCALES
650 ## - Materia General
Materia general SERVICIOS EN RED
650 ## - Materia General
Materia general TIPOS DE REDES
650 ## - Materia General
Materia general MODELO OSI
650 ## - Materia General
Materia general MEDIOS DE TRANSMISIÓN
650 ## - Materia General
Materia general INSTALACIÓN DE EQUIPOS
650 ## - Materia General
Materia general RIESGOS LABORALES
650 ## - Materia General
Materia general PROTECCIÓN AMBIENTAL
942 ## - Punto de Acceso Adicional Koha
Tipo de ítem Koha Libro
Existencias
Estado perdido Estado dañado No para préstamo Biblioteca permanente Biblioteca actual Signatura completa Código de barras Tipo de ítem
      Departamento de Biblioteca y Documentación Alfonso Chase Brenes Departamento de Biblioteca y Documentación Alfonso Chase Brenes 004.68 B228r 25299 Libro